| 000 | 00801nam a2200241 a 4500 | ||
|---|---|---|---|
| 001 | 52110 | ||
| 003 | BD-RjUL | ||
| 005 | 20211209075744.0 | ||
| 008 | 160906s1954 enka 000 0 eng | ||
| 035 | _a(BD-RjUL)52230 | ||
| 040 |
_aDLC _cGAT _dOCL _dSER _dUKM _dEQO _dBD-RjUL _beng |
||
| 041 | _aeng | ||
| 082 |
_a530.124 _223 _bSYG 1954 |
||
| 100 | 1 |
_aSynge, J. L. _q(John Lighton), _d1897-1995. _9154391 |
|
| 245 | 1 | 0 | _aGeometrical mechanics and de Broglie waves. / |
| 260 |
_aCambridge, Eng. : _bUniversity Press, _c1954. |
||
| 300 |
_a167 p. : _bill. ; _c23 cm. |
||
| 490 | 1 | _aCambridge monographs on mechanics and applied mathematics | |
| 650 | 0 |
_aWave mechanics. _9117120 |
|
| 830 | 0 |
_aCambridge monographs on mechanics and applied mathematics _9153539 |
|
| 942 |
_2ddc _cBK |
||
| 999 |
_c52110 _d52110 |
||